| 000 | 00880nam a2200229Ii 4500 | ||
|---|---|---|---|
| 003 | JO-AjNU | ||
| 008 | 230605s9999||||xx |||||||||||||| ||und|| | ||
| 017 | _a2008/2526 | ||
| 020 | _a978-9957-06-529-4 | ||
| 040 |
_aJO-AjNU _bara _erda _cJO-AjNU |
||
| 041 | _aara | ||
| 050 | 1 | 4 | _aLC4704.W377 2015 |
| 100 | 3 |
_aالوقفي، راضي احمد, _eauthor _960584 |
|
| 245 | 0 | 0 | _aصعوبات التعلم: النظري والتطبيقي= LEARNING DISABILITES |
| 250 | _aط4 | ||
| 264 | 3 | 1 | _aعمان: دار المسيرة للنشر والتوزيع والطباعة، 2015 |
| 300 |
_a588ص _bيحتوي على ملاحق منص553-569 ويحتوي على مراجع |
||
| 336 |
_atext _btxt _2rdacontent |
||
| 337 |
_aunmediated _bn _2rdamedia |
||
| 338 |
_avolume _bnc _2rdacarrier |
||
| 650 | 4 |
_aصعوبات التعلم-التعليم- التعليم الخاص _960585 |
|
| 999 |
_aA27328 _c30896 _d30896 |
||